Τεχνικά χρονικά IIΙ : επιστημονική έκδοση ΤΕΕ
Saved in:
| Corporate Author: | |
|---|---|
| Format: | Serial |
| Language: | Greek English French |
| Published: |
Αθήνα :
Τεχνικό Επιμελητήριο Ελλάδας,
[2001?]
|
| Subjects: | |
| Tags: |
Add Tag
No Tags, Be the first to tag this record!
|
MARC
| LEADER | 00000nas a2200000 i 4500 | ||
|---|---|---|---|
| 001 | 1/25694 | ||
| 008 | 060307c2001 gr gre | ||
| 022 | |a 11064951 | ||
| 035 | |l 10082976 | ||
| 040 | |a GR-MY-UA |b gre |e aacr | ||
| 041 | 0 | |a gre |h eng |h fre | |
| 082 | 0 | |a 620.009495 | |
| 110 | 1 | |a Τεχνικό Επιμελητήριο Ελλάδας. | |
| 245 | 1 | 0 | |a Τεχνικά χρονικά IIΙ : |h [περιοδικό] / |b επιστημονική έκδοση ΤΕΕ |c Τεχνικό Επιμελητήριο Ελλάδας. |
| 246 | 3 | 3 | |a Τεχνικά χρονικά |b ; scientific journal of the TGG; [περιοδικό] |
| 260 | |a Αθήνα : |b Τεχνικό Επιμελητήριο Ελλάδας, |c [2001?] | ||
| 300 | |a τ. : |b διαγ., πίν. ; |c 28 εκ. | ||
| 310 | |a Ετήσιο | ||
| 505 | 0 | |a Θέματα ηλεκτρολόγου μηχανικού Η/Υ και πληροφορικής | |
| 650 | 0 | 0 | |a Engineering |z Greece |x Periodicals. |
| 650 | 0 | 0 | |a Electrical engineering |x Periodicals. |
| 650 | 0 | 0 | |a Surveying |x Periodicals. |
| 650 | 0 | 0 | |a Technology |z Greece |x Periodicals. |
| 901 | |a BIBL2-2006-1 | ||
| 922 | |a 2ΕΛΗ |b 200510 |c ΚΕΝΤΡΙΚΗ ΒΙΒΛΙΟΘΗΚΗ | ||
| 970 | |a ΧΑΖΙΡΗ |b ΑΝΝΑ |z 2006/03/06 | ||